[Event "Paris-ch op-B"]
[Site "Paris"]
[Date "2010.07.03"]
[Round "1"]
[White "Marmier, Eric"]
[Black "Acudad, Marsuk"]
[Result "1-0"]
[WhiteElo "1666"]
[BlackElo "1891"]
[PlyCount "70"]
[EventDate "2010.07.03"]
[EventType "swiss"]
[EventRounds "9"]
[EventCountry "FRA"]
[SourceTitle "CBM 137 Extra"]
[Source "ChessBase"]
[SourceDate "2010.09.01"]
[SourceVersion "1"]
[SourceVersionDate "2010.09.01"]
[SourceQuality "1"]

1. d4 d5 2. e3 Nf6 3. c3 c6 4. Bd3 Nbd7 5. f4 e6 6. Nf3 c5 7. 0-0 a6 8. Qe2 c4 9. Bc2 Ne4 10. Nbd2 Ndf6 11. Ne5 b5 12. Ndf3 h6 13. Bd2 Bd6 14. Be1 Qc7 15. Kh1 Bb7 16. Nd2 Rb8 17. Ndf3 0-0 18. Rg1 a5 19. a3 Ra8 20. g4 Nd7 21. g5 h5 22. g6 f5 23. Bxe4 fxe4 24. Ng5 Nf6 25. Nxe6 Qe7 26. Nxf8 Rxf8 27. Bh4 Qe6 28. Bxf6 Rxf6 29. Qxh5 Kf8 30. Qh8+ Ke7 31. Qxg7+ Ke8 32. Qxb7 Bxe5 33. dxe5 Rxg6 34. Rxg6 Qxg6 35. Qc8+ Ke7 1-0